000 00459nam a2200181Ia 4500
003 OSt
005 20240521160024.0
008 210210b1948 xxu||||| |||| 00| 0 eng d
040 _cAL
041 _akan
082 _a859/868
100 _aDHANVANTA
_9145100
_dಧನ್ವಂತ
245 _aAnuragi:
_bಅನುರಾಗಿ
260 _aBengaluru
_bH N Rao Brothers
_c1948
690 _aKannada Fiction
_9145101
906 _a021628
942 _2ddc
_cBK
999 _c145724
_d145724